50 States of USA in 7 minutes - Statistics

General Stats
  • This quiz has been taken 108 times
  • The average score is 43 of 50
Answers on the Map
Answers color-coded by a green-red scale on the quiz's map according to % correct below.
 
Answer Stats
Answer % Correct
Washington
96%
California
94%
Texas
94%
Alabama
93%
Alaska
93%
Arizona
93%
Florida
92%
Mississippi
92%
North Dakota
92%
South Dakota
92%
Arkansas
89%
Hawaii
89%
Idaho
89%
New Mexico
89%
Colorado
88%
Kentucky
88%
Nevada
88%
New York
88%
North Carolina
88%
Delaware
86%
Georgia
86%
Illinois
86%
Michigan
86%
New Jersey
86%
Oregon
86%
Rhode Island
86%
South Carolina
86%
Maine
85%
Utah
85%
Kansas
83%
Ohio
83%
Pennsylvania
83%
Vermont
83%
Louisiana
82%
Massachusetts
82%
Montana
82%
Tennessee
82%
Connecticut
81%
Indiana
81%
Iowa
81%
Missouri
81%
New Hampshire
81%
Oklahoma
81%
Wyoming
81%
Maryland
79%
Minnesota
79%
Virginia
79%
West Virginia
79%
Wisconsin
79%
Nebraska
76%
No matching quizzes found
Score Distribution
Percent of People with Each Score
Percentile by Number Answered
Your Score History
You have not taken this quiz